[Event "Vesterhav"]
[Site "Esbjerg"]
[Date "2008.07.17"]
[Round "9"]
[White "Jacobsen, Mads Holger Bang"]
[Black "Christensen, Svend Ib"]
[Result "1-0"]
[WhiteElo "1831"]
[BlackElo "1531"]
[PlyCount "87"]
[EventDate "2008.07.11"]
[EventType "swiss"]
[EventRounds "10"]
[EventCountry "DEN"]
[Source "ChessBase"]
[SourceDate "2008.09.01"]

1. d4 d5 2. c4 Nf6 3. Nc3 c6 4. Nf3 Bf5 5. Qb3 Qb6 6. Qxb6 axb6 7. cxd5 cxd5 8.
Bf4 Bd7 9. e3 e6 10. Bd3 Be7 11. Ke2 O-O 12. a3 Bc6 13. Rac1 Nbd7 14. Rc2 Ne4
15. Ne5 Nxe5 16. Bxe5 Bd6 17. Bxe4 Bxe5 18. Bxh7+ Kxh7 19. dxe5 Rfc8 20. Rhc1
Bd7 21. Rd2 Bb5+ 22. Ke1 Rc5 23. Rcd1 Bc4 24. Rd4 Bb3 25. R1d2 Rc4 26. e4 Rxd4
27. Rxd4 Rd8 28. Rb4 Bc4 29. Rxb6 Rd7 30. Rd6 Re7 31. exd5 exd5 32. Nxd5 Rxe5+
33. Ne3 Re7 34. Kd2 Be6 35. b4 Rc7 36. f4 g6 37. Rd3 Kg7 38. a4 f5 39. a5 Bd7
40. Rc3 Rxc3 41. Kxc3 Be6 42. Kd4 Kf7 43. Kc5 Bd5 44. b5 1-0

[Event "Vesterhav"]
[Site "Esbjerg"]
[Date "2008.07.17"]
[Round "9"]
[White "Jensby, Morten"]
[Black "Zachariassen, John"]
[Result "1-0"]
[WhiteElo "2021"]
[BlackElo "1949"]
[PlyCount "113"]
[EventDate "2008.07.11"]
[EventType "swiss"]
[EventRounds "10"]
[EventCountry "DEN"]
[Source "ChessBase"]
[SourceDate "2008.09.01"]

1. c4 Nf6 2. g3 d6 3. Bg2 Nbd7 4. Nc3 e5 5. e4 Be7 6. Nge2 c6 7. O-O g5 8. d4
h6 9. h3 Qc7 10. Be3 Rg8 11. Qd2 Nh5 12. b4 Ndf6 13. Rfd1 Nf4 14. c5 Nxh3+ 15.
Kf1 Ng4 16. d5 Nxe3+ 17. Qxe3 Rg6 18. Rac1 a6 19. Na4 Rf6 20. f3 h5 21. Ke1 Rg6
22. Nb6 Rb8 23. Nc4 dxc5 24. bxc5 cxd5 25. Rxd5 Be6 26. Nd6+ Kf8 27. Nf5 g4 28.
Nxe7 Kxe7 29. Rd6 h4 30. fxg4 Ng5 31. gxh4 Nh7 32. Bf3 Rbg8 33. Nc3 Nf6 34.
Nd5+ Bxd5 35. exd5 Re8 36. Kf2 e4 37. g5 Kf8 38. Rxf6 exf3 39. Qf4 Qe7 40. Qd2
Rxf6 41. gxf6 Qxf6 42. Qg5 Qd4+ 43. Kg3 f2 44. Rf1 Re5 45. Qh6+ Kg8 46. Rxf2
Re3+ 47. Kh2 Rh3+ 48. Kxh3 Qxf2 49. Qg5+ Kh7 50. d6 Qf3+ 51. Qg3 Qf5+ 52. Kg2
Qe6 53. Qd3+ f5 54. d7 Qg8+ 55. Kf1 Qd8 56. Qxf5+ Kg7 57. Qg5+ 1-0

[Event "Vesterhav"]
[Site "Esbjerg"]
[Date "2008.07.17"]
[Round "9"]
[White "Jensen, Jan Kargaard"]
[Black "Haslinger, Ewald"]
[Result "0-1"]
[WhiteElo "1813"]
[BlackElo "1711"]
[PlyCount "82"]
[EventDate "2008.07.11"]
[EventType "swiss"]
[EventRounds "10"]
[EventCountry "DEN"]
[Source "ChessBase"]
[SourceDate "2008.09.01"]

1. e4 e5 2. Bc4 Nf6 3. d4 d6 4. Nf3 Nc6 5. Ng5 d5 6. exd5 Nxd4 7. c3 Nf5 8. d6
Nxd6 9. Bxf7+ Nxf7 10. Qb3 Nxg5 11. Bxg5 Qd5 12. O-O Qxb3 13. axb3 Bd6 14. Nd2
O-O 15. Nc4 Be6 16. Rfd1 Bxc4 17. bxc4 a6 18. b4 Rad8 19. Kf1 c6 20. h3 Bc7 21.
Bxf6 gxf6 22. Ke2 Rxd1 23. Rxd1 Rd8 24. Ra1 f5 25. f3 Kf7 26. b5 a5 27. b6 Bxb6
28. Rb1 Bc7 29. Rxb7 Rd7 30. Ra7 Ke6 31. Ra6 Kd6 32. g4 fxg4 33. fxg4 Kc5 34.
Ke3 Bb6 35. Ke4 Ra7 36. Rxa7 Bxa7 37. g5 a4 38. h4 a3 39. h5 a2 40. g6 hxg6 41.
hxg6 a1=Q 0-1

[Event "Vesterhav"]
[Site "Esbjerg"]
[Date "2008.07.17"]
[Round "9"]
[White "Jensen, John Klaus"]
[Black "Andreasen, Per"]
[Result "1/2-1/2"]
[WhiteElo "1960"]
[BlackElo "1771"]
[PlyCount "47"]
[EventDate "2008.07.11"]
[EventType "swiss"]
[EventRounds "10"]
[EventCountry "DEN"]
[Source "ChessBase"]
[SourceDate "2008.09.01"]

1. e4 c6 2. d4 d5 3. Nc3 dxe4 4. Nxe4 Bf5 5. Ng3 Bg6 6. h4 h6 7. h5 Bh7 8. Nf3
Nf6 9. Bd3 Bxd3 10. Qxd3 e6 11. Bf4 Bd6 12. Bxd6 Qxd6 13. O-O-O Nbd7 14. Rhe1
O-O-O 15. Kb1 Qd5 16. Ne5 Nxe5 17. dxe5 Qxd3 18. Rxd3 Rxd3 19. cxd3 Nd5 20. Ne4
Nf4 21. Kc2 Nxh5 22. g4 Nf4 23. Nd6+ Kc7 24. Nxf7 1/2-1/2

[Event "Vesterhav"]
[Site "Esbjerg"]
[Date "2008.07.17"]
[Round "9"]
[White "Johansen, Johnny Holler"]
[Black "Andersen, Daniel"]
[Result "1/2-1/2"]
[WhiteElo "2029"]
[BlackElo "1969"]
[PlyCount "60"]
[EventDate "2008.07.11"]
[EventType "swiss"]
[EventRounds "10"]
[EventCountry "DEN"]
[Source "ChessBase"]
[SourceDate "2008.09.01"]

1. Nf3 Nf6 2. g3 g6 3. Bg2 Bg7 4. d4 O-O 5. O-O d5 6. c4 dxc4 7. Nc3 Nbd7 8. e4
Nb6 9. h3 c6 10. Be3 Ne8 11. Qe2 Nd6 12. a4 a5 13. Rfd1 f5 14. e5 Ne8 15. d5
Nxd5 16. Qxc4 Nec7 17. Bb6 e6 18. Bxc7 Qxc7 19. Rxd5 exd5 20. Nxd5 Be6 21. Nxc7
Bxc4 22. Nxa8 Rxa8 23. Rd1 Bd5 24. Ng5 Bxg2 25. Kxg2 Bxe5 26. Rd7 Rb8 27. b3 h6
28. Nf7 Bg7 29. Nd6 b5 30. Rc7 bxa4 1/2-1/2

[Event "Vesterhav"]
[Site "Esbjerg"]
[Date "2008.07.17"]
[Round "9"]
[White "Kops, John"]
[Black "Hansen, Erik Hedegaard"]
[Result "0-1"]
[WhiteElo "1979"]
[BlackElo "1818"]
[PlyCount "64"]
[EventDate "2008.07.11"]
[EventType "swiss"]
[EventRounds "10"]
[EventCountry "DEN"]
[Source "ChessBase"]
[SourceDate "2008.09.01"]

1. e4 c5 2. Nf3 Nc6 3. Bc4 e6 4. O-O d6 5. d4 cxd4 6. Nxd4 Nf6 7. Nc3 Be7 8.
Nxc6 bxc6 9. Kh1 O-O 10. Bb3 Bb7 11. f4 Qc7 12. f5 e5 13. g4 d5 14. g5 Nxe4 15.
Nxe4 dxe4 16. Qh5 c5 17. g6 e3+ 18. Kg1 h6 19. gxf7+ Kh8 20. f6 Qc6 21. Qf3
Qxf3 22. Rxf3 Bxf6 23. Rxe3 e4 24. Rh3 Rad8 25. Rh5 Rd1+ 26. Kf2 Bd4+ 27. Ke2
Rg1 28. Rf5 Ba6+ 29. c4 Bc8 30. Rf1 Bg4+ 31. Ke1 Rxf1+ 32. Kxf1 Rxf7+ 0-1

[Event "Vesterhav"]
[Site "Esbjerg"]
[Date "2008.07.17"]
[Round "9"]
[White "Kovshoj, Sune"]
[Black "Skaanning Pedersen, Kim Henrik"]
[Result "1-0"]
[WhiteElo "2013"]
[BlackElo "2173"]
[PlyCount "61"]
[EventDate "2008.07.11"]
[EventType "swiss"]
[EventRounds "10"]
[EventCountry "DEN"]
[Source "ChessBase"]
[SourceDate "2008.09.01"]

1. e4 c5 2. Nc3 Nc6 3. g3 g6 4. Bg2 Bg7 5. Nge2 e6 6. O-O Nge7 7. d3 O-O 8. Be3
Nd4 9. Qd2 Qa5 10. a3 Nec6 11. Rfb1 Nxe2+ 12. Nxe2 Qxd2 13. Bxd2 b6 14. f4 Nd4
15. Nxd4 Bxd4+ 16. Kf1 Ba6 17. e5 Rac8 18. Ke2 c4 19. c3 cxd3+ 20. Kf1 f6 21.
cxd4 Rc2 22. Ke1 fxe5 23. dxe5 g5 24. Bf3 gxf4 25. gxf4 Kh8 26. Bd1 Rc4 27. Rc1
Re4+ 28. Kf2 Bb7 29. Rc3 Rxe5 30. Rxd3 Bc6 31. Bc3 1-0

[Event "Vesterhav"]
[Site "Esbjerg"]
[Date "2008.07.17"]
[Round "9"]
[White "Kristensen, Hans Hald"]
[Black "Voss, Janine"]
[Result "1-0"]
[WhiteElo "1820"]
[BlackElo "1832"]
[PlyCount "43"]
[EventDate "2008.07.11"]
[EventType "swiss"]
[EventRounds "10"]
[EventCountry "DEN"]
[Source "ChessBase"]
[SourceDate "2008.09.01"]

1. d4 Nf6 2. Bf4 g6 3. e3 Bg7 4. Nf3 O-O 5. Nbd2 d5 6. Bd3 c5 7. c3 c4 8. Bc2
Nc6 9. O-O Nh5 10. Bg5 Qc7 11. e4 e6 12. e5 Bh8 13. g4 Ng7 14. Bf6 b5 15. h4 a5
16. Kg2 b4 17. h5 Bd7 18. Rh1 a4 19. hxg6 fxg6 20. Ng5 b3 21. Bxg6 hxg6 22.
Rxh8+ 1-0

[Event "Vesterhav"]
[Site "Esbjerg"]
[Date "2008.07.17"]
[Round "9"]
[White "Leenhouts, Koen"]
[Black "Ashwin, Jayaram"]
[Result "1-0"]
[WhiteElo "2400"]
[BlackElo "2436"]
[PlyCount "71"]
[EventDate "2008.07.11"]
[EventType "swiss"]
[EventRounds "10"]
[EventCountry "DEN"]
[Source "ChessBase"]
[SourceDate "2008.09.01"]

1. e4 c5 2. Nf3 e6 3. d4 cxd4 4. Nxd4 Nc6 5. Nc3 Qc7 6. Be2 a6 7. Be3 Nf6 8.
O-O Be7 9. Kh1 O-O 10. f4 d6 11. a4 Re8 12. Bd3 Nb4 13. Qf3 Bd7 14. Qg3 Nh5 15.
Qf3 Nf6 16. Rae1 Bf8 17. Qg3 Nh5 18. Qh4 g6 19. f5 exf5 20. exf5 Bg7 21. Ne6
fxe6 22. fxg6 Nxd3 23. gxh7+ Kh8 24. cxd3 Qa5 25. b4 Qc7 26. Ne4 Rf8 27. Qxh5
Qc2 28. Bh6 Rxf1+ 29. Rxf1 Be5 30. Ng5 Qxd3 31. Nf7+ Kxh7 32. Bf4+ Kg8 33. Nh6+
Kh7 34. Nf5+ Kg8 35. Qg6+ Kh8 36. Bxe5+ 1-0

[Event "Vesterhav"]
[Site "Esbjerg"]
[Date "2008.07.17"]
[Round "9"]
[White "Luther, Lasse"]
[Black "Lauritsen, Martin Lee"]
[Result "0-1"]
[WhiteElo "1912"]
[BlackElo "2063"]
[PlyCount "88"]
[EventDate "2008.07.11"]
[EventType "swiss"]
[EventRounds "10"]
[EventCountry "DEN"]
[Source "ChessBase"]
[SourceDate "2008.09.01"]

1. e4 c5 2. Nf3 Nc6 3. d4 cxd4 4. Nxd4 e5 5. Nb5 d6 6. c4 Nf6 7. N1c3 a6 8. Na3
Be7 9. Nc2 O-O 10. Be2 Be6 11. Be3 Ne8 12. Nd5 Bg5 13. Qd2 Bxe3 14. Ncxe3 Nd4
15. Nc2 Bxd5 16. cxd5 Nxc2+ 17. Qxc2 Rc8 18. Qd2 Qh4 19. Qd3 f5 20. exf5 Qb4+
21. Qd2 Qe4 22. f3 Qh4+ 23. g3 Qh3 24. Kf2 Qxf5 25. Rac1 Nc7 26. a4 e4 27. f4
Nxd5 28. Qd4 Rxc1 29. Rxc1 Nxf4 30. gxf4 Qxf4+ 31. Kg2 Qg5+ 32. Kh3 Qxc1 33.
Qxe4 Qf4 34. Qe6+ Kh8 35. Bg4 Qh6+ 36. Qxh6 gxh6 37. Kg3 Kg7 38. Bf3 b6 39. Kf2
Kf6 40. Ke3 Ke5 41. Be4 Rf4 42. Bxh7 Rxa4 43. Bd3 a5 44. b3 Rh4 0-1

[Event "Vesterhav"]
[Site "Esbjerg"]
[Date "2008.07.17"]
[Round "9"]
[White "Marshall, Michael"]
[Black "Trarup, Jorgen"]
[Result "1-0"]
[WhiteElo "1917"]
[BlackElo "1784"]
[PlyCount "59"]
[EventDate "2008.07.11"]
[EventType "swiss"]
[EventRounds "10"]
[EventCountry "DEN"]
[Source "ChessBase"]
[SourceDate "2008.09.01"]

1. d4 d5 2. Nf3 Nc6 3. e3 a6 4. Bd3 Nf6 5. Nbd2 e6 6. O-O Bd6 7. b3 O-O 8. Bb2
Re8 9. Ne5 Ne7 10. f4 Rf8 11. Qf3 Bd7 12. Qh3 Qe8 13. g4 g6 14. Ndf3 Kg7 15.
Ng5 Neg8 16. Qg2 Nh6 17. h3 b6 18. Rf3 Nhg8 19. Raf1 h6 20. Ngxf7 Rxf7 21. Bxg6
Bxe5 22. Bxf7 Kxf7 23. fxe5 Qe7 24. exf6 Qd6 25. g5 Qf8 26. Qg4 Ke8 27. f7+ Kd8
28. fxg8=Q Qxg8 29. Rf8+ Qxf8 30. Rxf8+ 1-0

[Event "Vesterhav"]
[Site "Esbjerg"]
[Date "2008.07.17"]
[Round "9"]
[White "Mortensen, Carl Heinrich"]
[Black "Madsen, Tobias Juul"]
[Result "1/2-1/2"]
[WhiteElo "1686"]
[BlackElo "1608"]
[PlyCount "85"]
[EventDate "2008.07.11"]
[EventType "swiss"]
[EventRounds "10"]
[EventCountry "DEN"]
[Source "ChessBase"]
[SourceDate "2008.09.01"]

1. e4 e5 2. d4 exd4 3. c3 d3 4. Bxd3 Nc6 5. Nf3 d6 6. O-O Be7 7. Re1 Nf6 8.
Nbd2 O-O 9. Nd4 Ne5 10. N2f3 Bg4 11. Nf5 Nxf3+ 12. gxf3 Bxf5 13. exf5 Re8 14.
Kh1 Bf8 15. Rg1 d5 16. Bg5 Kh8 17. Rg3 Be7 18. Qg1 Nh5 19. Rh3 Bxg5 20. Rxh5
Bh6 21. Qg4 Qf6 22. Rg1 Rad8 23. Qh3 c6 24. Rg4 d4 25. c4 c5 26. Rgh4 a6 27.
Kg1 b6 28. Kf1 Rd6 29. Re4 Red8 30. Qg4 b5 31. b3 bxc4 32. bxc4 Rb6 33. Re2 a5
34. Qe4 Rbb8 35. Qe7 Qxe7 36. Rxe7 f6 37. Rh4 Rb2 38. Re2 Rxe2 39. Kxe2 Rb8 40.
Re4 Rb2+ 41. Kf1 Kg8 42. Re2 Rxe2 43. Kxe2 1/2-1/2

[Event "Vesterhav"]
[Site "Esbjerg"]
[Date "2008.07.17"]
[Round "9"]
[White "Mortensen, Henrik"]
[Black "Pedersen, Lars Wisler"]
[Result "1-0"]
[WhiteElo "2019"]
[BlackElo "1893"]
[PlyCount "107"]
[EventDate "2008.07.11"]
[EventType "swiss"]
[EventRounds "10"]
[EventCountry "DEN"]
[Source "ChessBase"]
[SourceDate "2008.09.01"]

1. e4 c5 2. Ne2 Nc6 3. c4 g6 4. d4 cxd4 5. Nxd4 Bg7 6. Be3 Qa5+ 7. Nc3 e5 8.
Ndb5 Nf6 9. Nd6+ Ke7 10. Qd2 Rd8 11. Be2 Ne8 12. c5 b6 13. Nd5+ Kf8 14. Qxa5
bxa5 15. Nxe8 Rxe8 16. Nc7 Rb8 17. Nxe8 Kxe8 18. b3 Nd4 19. Bd3 Bb7 20. f3 Bc6
21. Rb1 Bf8 22. Rc1 a4 23. bxa4 Rb2 24. O-O Ne2+ 25. Bxe2 Rxe2 26. Rfe1 Rxa2
27. Ra1 Rc2 28. Rec1 Re2 29. Bf2 Bh6 30. Rcb1 Rc2 31. a5 Bd2 32. Rb8+ Ke7 33.
g4 Rc1+ 34. Rxc1 Bxc1 35. a6 Bd2 36. Kf1 Ba5 37. Kg2 Bc7 38. Rh8 Bb5 39. Ra8
Bc6 40. Rh8 Bb5 41. c6 dxc6 42. Bxa7 Bxa6 43. Bc5+ Bd6 44. Bxd6+ Kxd6 45. Rxh7
Bc4 46. h4 c5 47. h5 gxh5 48. gxh5 Ke6 49. h6 Bd3 50. Rg7 f5 51. h7 fxe4 52.
h8=Q e3 53. Qh6+ Kd5 54. Qxe3 1-0

[Event "Vesterhav"]
[Site "Esbjerg"]
[Date "2008.07.17"]
[Round "9"]
[White "Munksgaard, Dennis"]
[Black "Kallenbach, Uffe"]
[Result "1-0"]
[WhiteElo "2022"]
[BlackElo "1591"]
[PlyCount "99"]
[EventDate "2008.07.11"]
[EventType "swiss"]
[EventRounds "10"]
[EventCountry "DEN"]
[Source "ChessBase"]
[SourceDate "2008.09.01"]

1. e4 c5 2. Nf3 e6 3. d4 cxd4 4. Nxd4 Nf6 5. Nc3 d6 6. g3 Nc6 7. Bg2 Be7 8.
Nxc6 bxc6 9. e5 Nd5 10. exd6 Bxd6 11. Ne4 Ba6 12. Nxd6+ Qxd6 13. Qd4 O-O 14.
Bd2 Rfd8 15. O-O-O c5 16. Qe4 Qf8 17. c4 Nf6 18. Qh4 Rd4 19. f4 Rad8 20. Bc3
Rxd1+ 21. Rxd1 Rxd1+ 22. Kxd1 Qd6+ 23. Kc1 Ne8 24. Bf1 Bb7 25. Qh5 Be4 26. Qe5
Bg6 27. Qxd6 Nxd6 28. Be5 Ne4 29. Bg2 f6 30. Bb8 a6 31. Bxe4 Bxe4 32. Kd2 Kf7
33. Bd6 Ke8 34. Bxc5 Kd7 35. b4 Kc6 36. Kc3 Bf3 37. Bf8 g6 38. Bg7 f5 39. a4
Kb6 40. Kd4 Be2 41. Bf8 Kc6 42. b5+ axb5 43. axb5+ Kb7 44. Kc5 Bf1 45. Kb4 Bg2
46. c5 Bf3 47. Bg7 Bg2 48. c6+ Kb6 49. Bd4+ Kc7 50. Kc5 1-0

[Event "Vesterhav"]
[Site "Esbjerg"]
[Date "2008.07.17"]
[Round "9"]
[White "Nielsen, Aage Sondergaard"]
[Black "Stubsgaard, Aske Lynge"]
[Result "1-0"]
[WhiteElo "1938"]
[BlackElo "1061"]
[PlyCount "103"]
[EventDate "2008.07.11"]
[EventType "swiss"]
[EventRounds "10"]
[EventCountry "DEN"]
[Source "ChessBase"]
[SourceDate "2008.09.01"]

1. f4 g6 2. Nf3 d5 3. g3 Nf6 4. b4 Nbd7 5. Bb2 Bg7 6. Bg2 c5 7. b5 b6 8. O-O
O-O 9. d3 Bb7 10. h3 Nh5 11. Bxg7 Kxg7 12. Qe1 f5 13. Ng5 Kg8 14. Ne6 Qc8 15.
Nxf8 Qxf8 16. c4 Ndf6 17. Nc3 Qf7 18. Qf2 Rb8 19. cxd5 Nxd5 20. Nxd5 Bxd5 21.
Bxd5 Qxd5 22. Qf3 Qd4+ 23. Kg2 Qf6 24. Qd5+ Kh8 25. Qe5 Qxe5 26. fxe5 e6 27.
Rac1 Rd8 28. Rc4 Rd7 29. d4 Rd5 30. g4 Ng7 31. e4 Rd7 32. dxc5 bxc5 33. Rxc5
Kg8 34. Rfc1 Ne8 35. exf5 gxf5 36. gxf5 exf5 37. Kf3 Kg7 38. Kf4 Kg6 39. Rg1+
Kf7 40. Kxf5 Ng7+ 41. Rxg7+ Kxg7 42. e6 Re7 43. Rd5 Kf8 44. Rd8+ Re8 45. Rxe8+
Kxe8 46. Kf6 Kf8 47. a4 h6 48. a5 a6 49. b6 Kg8 50. b7 Kh7 51. b8=Q h5 52. Qc7+
1-0

[Event "Vesterhav"]
[Site "Esbjerg"]
[Date "2008.07.17"]
[Round "9"]
[White "Nielsen, Jesper1"]
[Black "Jensen, Torben Richard"]
[Result "1/2-1/2"]
[WhiteElo "1718"]
[BlackElo "1968"]
[PlyCount "117"]
[EventDate "2008.07.11"]
[EventType "swiss"]
[EventRounds "10"]
[EventCountry "DEN"]
[Source "ChessBase"]
[SourceDate "2008.09.01"]

1. e4 c6 2. d4 d5 3. Nd2 Nd7 4. c3 Nb6 5. Bd3 dxe4 6. Nxe4 Nf6 7. Ng3 Qd5 8.
N1e2 g5 9. f3 g4 10. Nf4 Qd6 11. Ne4 Nxe4 12. fxe4 e5 13. dxe5 Qxe5 14. O-O Bd6
15. Qe1 Be6 16. Qh4 Be7 17. Qg3 O-O-O 18. Bc2 h5 19. Nxe6 Qxg3 20. hxg3 fxe6
21. Bf4 Bc5+ 22. Kh2 Rde8 23. b4 Bf8 24. Be5 Rh7 25. Bb3 Nd7 26. Bf4 Bg7 27.
Rac1 Bf6 28. Bd6 e5 29. a4 Bg5 30. Rcd1 h4 31. gxh4 Rxh4+ 32. Kg3 Rh6 33. Kxg4
Bf4 34. Rxf4 exf4 35. Kf3 Rf6 36. Bxf4 Ne5+ 37. Ke3 Ng4+ 38. Kf3 Ne5+ 39. Ke3
Ng6 40. g3 Ref8 41. Rf1 b6 42. Rd1 Nxf4 43. gxf4 Rxf4 44. Be6+ Kb8 45. Rd6 Rf3+
46. Kd4 b5 47. axb5 cxb5 48. Bd5 Rc8 49. Rd7 Rcxc3 50. Rb7+ Kc8 51. Rxa7 Rfd3+
52. Ke5 Rxd5+ 53. exd5 Rc4 54. d6 Rxb4 55. Kd5 Rb1 56. Kc6 Rc1+ 57. Kxb5 Kd8
58. Ra4 Kd7 59. Ra7+ 1/2-1/2

[Event "Vesterhav"]
[Site "Esbjerg"]
[Date "2008.07.17"]
[Round "9"]
[White "Nielsen, Thomas (1994)"]
[Black "Porsgaard, Per Lykke"]
[Result "0-1"]
[WhiteElo "1084"]
[BlackElo "1248"]
[PlyCount "100"]
[EventDate "2008.07.11"]
[EventType "swiss"]
[EventRounds "10"]
[EventCountry "DEN"]
[Source "ChessBase"]
[SourceDate "2008.09.01"]

1. d4 e6 2. e3 c5 3. c3 Nf6 4. Bd3 d5 5. b3 Bd6 6. Nf3 O-O 7. Nbd2 Nc6 8. e4
cxd4 9. cxd4 Nb4 10. Bb1 dxe4 11. Nxe4 Nxe4 12. Bxe4 f5 13. Bb1 Nd5 14. O-O Bd7
15. Bg5 Qc7 16. Qc2 Qxc2 17. Bxc2 Bb5 18. Rfe1 Rae8 19. Rac1 Bb4 20. Bd2 Bxd2
21. Nxd2 Nc3 22. a4 Ne2+ 23. Kh1 Nxc1 24. axb5 Na2 25. Ra1 Nb4 26. Bb1 a6 27.
b6 Rc8 28. h3 Rfe8 29. Ba2 Rc2 30. Nc4 Nxa2 31. Re1 Kf7 32. Re5 Rd8 33. Rc5 Ke7
34. f3 Nb4 35. Kh2 Rxd4 36. Rc7+ Rd7 37. Rc8 Nc6 38. Rh8 h6 39. Rg8 Kf6 40.
Rf8+ Ke7 41. Rg8 Kf7 42. Rc8 Rc3 43. Rc7 Rcd3 44. b4 R3d4 45. Kg3 Rxc7 46. bxc7
Ne7 47. Nb6 Rxb4 48. c8=Q Nxc8 49. Nxc8 a5 50. Nd6+ Ke7 0-1

[Event "Vesterhav"]
[Site "Esbjerg"]
[Date "2008.07.17"]
[Round "9"]
[White "Noe, Lars"]
[Black "Bonnelykke, Ole"]
[Result "1-0"]
[WhiteElo "1936"]
[BlackElo "2148"]
[PlyCount "51"]
[EventDate "2008.07.11"]
[EventType "swiss"]
[EventRounds "10"]
[EventCountry "DEN"]
[Source "ChessBase"]
[SourceDate "2008.09.01"]

1. d4 d5 2. c4 e5 3. dxe5 d4 4. Nf3 Nc6 5. a3 Bg4 6. Nbd2 Qd7 7. b4 Nge7 8. b5
Na5 9. Qa4 b6 10. g3 Nb7 11. Bg2 Nc5 12. Qd1 Bh3 13. O-O Bxg2 14. Kxg2 h5 15.
h4 Nf5 16. Nb3 O-O-O 17. Bg5 Nxb3 18. Qxb3 Be7 19. Bxe7 Qxe7 20. a4 f6 21. Qd3
Qe6 22. Qe4 Kb8 23. a5 Nd6 24. Qc6 fxe5 25. axb6 cxb6 26. Rxa7 1-0

[Event "Vesterhav"]
[Site "Esbjerg"]
[Date "2008.07.17"]
[Round "9"]
[White "Nordin, Eric"]
[Black "Hoiberg, Nina"]
[Result "0-1"]
[WhiteElo "1991"]
[BlackElo "2211"]
[PlyCount "68"]
[EventDate "2008.07.11"]
[EventType "swiss"]
[EventRounds "10"]
[EventCountry "DEN"]
[Source "ChessBase"]
[SourceDate "2008.09.01"]

1. e4 e5 2. Nf3 Nc6 3. Bc4 Nf6 4. Ng5 d5 5. exd5 Na5 6. Bb5+ c6 7. dxc6 bxc6 8.
Be2 h6 9. Nf3 Bc5 10. Nxe5 Bxf2+ 11. Kxf2 Qd4+ 12. Kf1 Qxe5 13. d3 Nd5 14. Qe1
O-O 15. Bf3 Qc7 16. Qg3 Qb6 17. Be4 f5 18. Bxd5+ cxd5 19. Nd2 f4 20. Qf2 d4 21.
b3 Bg4 22. Nf3 Rac8 23. Bb2 Bxf3 24. gxf3 Nc6 25. a3 Rce8 26. Rg1 Re3 27. Rg6
Qb7 28. Qg2 Ne5 29. Bxd4 Nxg6 30. Bxe3 fxe3 31. f4 Rxf4+ 32. Kg1 Qxg2+ 33. Kxg2
Nh4+ 34. Kg3 g5 0-1

[Event "Vesterhav"]
[Site "Esbjerg"]
[Date "2008.07.17"]
[Round "9"]
[White "Ovsejevitsch, Sergei"]
[Black "Hagen, Andreas Skytte"]
[Result "1/2-1/2"]
[WhiteElo "2582"]
[BlackElo "2288"]
[PlyCount "102"]
[EventDate "2008.07.11"]
[EventType "swiss"]
[EventRounds "10"]
[EventCountry "DEN"]
[Source "ChessBase"]
[SourceDate "2008.09.01"]

1. d4 Nf6 2. c4 e6 3. Nc3 Bb4 4. e3 b6 5. Bd3 Bb7 6. Nf3 Ne4 7. O-O f5 8. Ne2
Bd6 9. Qc2 O-O 10. Nd2 Qh4 11. f4 Nxd2 12. Bxd2 Nc6 13. e4 fxe4 14. Bxe4 Nb4
15. Bxb4 Bxe4 16. Qxe4 Bxb4 17. Nc1 Bd6 18. Nd3 c6 19. Qe3 Rf5 20. g3 Qd8 21.
Rad1 Qc7 22. c5 Bf8 23. Ne5 Re8 24. Rc1 g6 25. b4 Bg7 26. h4 Rb8 27. Rc2 Rbf8
28. Kg2 Qd8 29. a4 Qc7 30. Qe4 bxc5 31. bxc5 Rb8 32. g4 Rff8 33. h5 gxh5 34.
Rh1 Bxe5 35. dxe5 Rf7 36. Rxh5 Rg7 37. f5 Qa5 38. Kh2 Rb4 39. Qf3 exf5 40. Rxf5
Qd8 41. Kh3 Rbxg4 42. Qxg4 Rxg4 43. Kxg4 Qe7 44. Kf3 h6 45. Rg2+ Kh7 46. Rd2
Qe6 47. Ke4 Qc4+ 48. Rd4 Qe2+ 49. Kf4 Qf2+ 50. Ke4 Qe2+ 51. Kf4 Qf2+ 1/2-1/2

[Event "Vesterhav"]
[Site "Esbjerg"]
[Date "2008.07.17"]
[Round "9"]
[White "Brondt, Nicolai Kvist"]
[Black "Zyde, Fadmal"]
[Result "1-0"]
[WhiteElo "1966"]
[BlackElo "1659"]
[PlyCount "117"]
[EventDate "2008.07.11"]
[EventType "swiss"]
[EventRounds "10"]
[EventCountry "DEN"]
[Source "ChessBase"]
[SourceDate "2008.09.01"]

1. d4 d5 2. Bf4 Nf6 3. e3 e6 4. Nf3 c5 5. c3 Nc6 6. Nbd2 Nh5 7. Bg3 f6 8. Bh4
g5 9. Nxg5 Ng7 10. Ngf3 cxd4 11. exd4 Be7 12. Bb5 Bd7 13. Qe2 Bd6 14. Bxc6 bxc6
15. b4 a5 16. bxa5 Qxa5 17. Qd3 Rb8 18. O-O Nf5 19. Bg3 Nxg3 20. fxg3 c5 21.
Qe3 cxd4 22. cxd4 e5 23. dxe5 Bc5 24. Nd4 O-O 25. N2b3 Rxb3 26. axb3 Qb6 27.
Rad1 fxe5 28. Rxf8+ Kxf8 29. Qxe5 Be6 30. b4 Qxb4 31. Kh1 Bxd4 32. Qxd4 Qxd4
33. Rxd4 Ke7 34. Kg1 Kd6 35. Kf2 Bf5 36. Ke3 Ke5 37. Rh4 Bg6 38. Rg4 Bf5 39.
Rg5 d4+ 40. Kf3 Kf6 41. Kf4 Be6 42. Ra5 d3 43. Ke3 Bc4 44. Ra3 Bd5 45. Rxd3
Bxg2 46. Kf4 Bf1 47. Rd6+ Kg7 48. Kg5 Bg2 49. Rd7+ Kg8 50. Kf6 h5 51. Kg6 Be4+
52. Kxh5 Bf5 53. Rc7 Be6 54. g4 Bf7+ 55. Rxf7 Kxf7 56. Kh6 Kg8 57. Kg6 Kh8 58.
Kh6 Kg8 59. g5 1-0

[Event "Vesterhav"]
[Site "Esbjerg"]
[Date "2008.07.17"]
[Round "9"]
[White "Pedersen, Torben Phalaris"]
[Black "Svane, Henrik"]
[Result "1/2-1/2"]
[WhiteElo "1973"]
[BlackElo "2150"]
[PlyCount "42"]
[EventDate "2008.07.11"]
[EventType "swiss"]
[EventRounds "10"]
[EventCountry "DEN"]
[Source "ChessBase"]
[SourceDate "2008.09.01"]

1. e4 e6 2. d4 d5 3. exd5 exd5 4. Bd3 Nc6 5. Ne2 Bg4 6. f3 Bh5 7. c3 Bd6 8. Bf4
Nge7 9. Qc2 Bg6 10. Nd2 Qd7 11. Bxd6 Qxd6 12. O-O-O O-O-O 13. f4 Bxd3 14. Qxd3
Qg6 15. Qh3+ Qf5 16. g4 Qd7 17. Qg2 f5 18. g5 Na5 19. b3 Qd6 20. Kb2 Qb6 21.
Kc2 Qd6 1/2-1/2

[Event "Vesterhav"]
[Site "Esbjerg"]
[Date "2008.07.17"]
[Round "9"]
[White "Poulsen, Iver"]
[Black "Pedersen, Jan Rode"]
[Result "0-1"]
[WhiteElo "2147"]
[BlackElo "2206"]
[PlyCount "62"]
[EventDate "2008.07.11"]
[EventType "swiss"]
[EventRounds "10"]
[EventCountry "DEN"]
[Source "ChessBase"]
[SourceDate "2008.09.01"]

1. e4 e5 2. Nf3 Nc6 3. Bb5 a6 4. Ba4 Nf6 5. O-O Nxe4 6. d4 b5 7. Bb3 d5 8. dxe5
Be6 9. Nbd2 Nc5 10. c3 Be7 11. Nd4 Nxe5 12. f4 Bg4 13. Qe1 Ned3 14. Qg3 Qd7 15.
Bxd5 Qxd5 16. Qxg4 O-O 17. f5 Bf6 18. N2f3 Nxc1 19. Raxc1 Nd3 20. Rc2 Rae8 21.
Rd2 Re4 22. Qg3 Qc4 23. Rfd1 Nf4 24. Re1 Rfe8 25. Rxe4 Rxe4 26. Kf2 h6 27. a3
c5 28. Nc6 Re2+ 29. Rxe2 Qxe2+ 30. Kg1 Qe4 31. Kf2 Nd3+ 0-1

[Event "Vesterhav"]
[Site "Esbjerg"]
[Date "2008.07.17"]
[Round "9"]
[White "Prohl, Frank"]
[Black "Christensen, Michael"]
[Result "1/2-1/2"]
[WhiteElo "1226"]
[BlackElo "1509"]
[PlyCount "35"]
[EventDate "2008.07.11"]
[EventType "swiss"]
[EventRounds "10"]
[EventCountry "DEN"]
[Source "ChessBase"]
[SourceDate "2008.09.01"]

1. e4 c6 2. d4 d5 3. exd5 cxd5 4. Nf3 Nc6 5. Bb5 Nf6 6. h3 e6 7. Bg5 Be7 8. O-O
Bd7 9. c3 O-O 10. Nbd2 h6 11. Bh4 a6 12. Bd3 b5 13. Ne5 Ne8 14. Bxe7 Qxe7 15.
Nxd7 Qxd7 16. f4 f5 17. Nf3 Nf6 18. Qd2 1/2-1/2